000
00296nam a22001337a 4500
041
_a
ENG
100
_a
Chapra.S.C
245
_a
Numerical Methods For Engineers
250
_a
Fifth Ed
260
_a
Delhi
_b
Tata McGraw Hill
_c
1998
300
_a
773
650
_a
Math's
856
_u
M.Tech ( 7 )
999
_c
1093
_d
1093